000 00951nam a2200289 a 4500
008
020 _a9780128162286 (paperback)
040 _aNUST
_cNUST
049 _aMAIN
090 _aQP552.G16
_bGPC
245 1 0 _aGPCRs :Structure, function, and drug discovery/
_cedited by Beata Jastrzebska & Paul S.-H. Park.
260 _aLondon :
_bAcademic Press,
_c2020.
300 _axvii, 481 :
_billustrations (chiefly colour) ;
_c28 cm.
336 _atext
_btxt
_2rdacontent
337 _aunmediated
_bn
_2rdamedia
338 _avolume
_bnc
_2rdacarrier
500 _aIncludes index.
504 _aIncludes bibliographical references.
650 1 _aG proteins
_xReceptors.
650 _aG proteins.
700 _aJastrzebska, Beata.,
_aeditor.
700 _aPark, Paul S.-H.,
_aeditor.
907 _a.b10405495
_b17-06-21
_c17-06-21
003
005 20230123141205.0
942 _cBOOKS
_kQP552.G16
_mGPC
999 _c169230
_d169230